LEADER 01311nlm 2200325Ia 450 001 996711709403316 005 20260303085207.0 100 $a19850820d1700---- uy | 101 0 $aeng 102 $aUK 135 $adrcnu 200 1 $a<> discourse of sea-ports$eprincipally of the port and haven of Dover$fwritten by Sir Walter Rawleigh and address'd to Queen Elizabeth ; with useful remarks, &c., on that subject, by command of His late Majesty, K. Charles the Second 210 1 $aLondon$cPrinted for and sold by John Nutt ...$d1700 215 $aTesto elettronico (PDF) ([4], 16 p.) 230 $aBase dati testuale 300 $aAttribuito anche a Dudley Digges. Cfr. BM; DNB.A cura di Sir Henry Sheeres 300 $a"Mai reso pubblico prima" 300 $aRiproduzione dell'originale in: Archivio del Dulwich College 300 $aAltri collaboratori: Digges, Dudley, Sir, 1583-1639; Sheeres, Henry, Sir, m. 1710 606 0 $aPorti$yInghilterra$2BNCF 676 $a387.1 700 1$aRALEIGH,$bWalter$cSir,$f1552?-1618.$0165551 701 1$aDIGGES,$bDudley$cSir,$f1583-1639.$0322301 701 1$aSHEERES,$bHenry$f-1710.$01002948 801 0$aIT$bcba$cREICAT 912 $a996711709403316 959 $aEB 969 $aER 996 $aDiscourse of sea-ports$94548698 997 $aUNISA